| 000 -ლიდერი |
| ფიქსირებული სიგრძის საკონტროლო ველი |
01561nam a2200301Ia 4500 |
| 001 - საკონტროლო ნომერი |
| საკონტროლო ველი |
20571 |
| 003 - საკონტროლო ნომრის იდენტიფიკატორი |
| საკონტროლო ველი |
GE_BSU |
| 005 - ბოლო ოპერაციის თარიღი და დრო |
| საკონტროლო ველი |
20210222161130.0 |
| 008 - ფიქსირებული სიგრძის მონაცემთა ელემენტები - ზოგადი ინფორმაცია |
| ფიქსირებული სიგრძის საკონტროლო ველი |
181216s2014||||ge |||||||||||||| ||geo|| |
| 020 ## - წიგნის საერთაშორისო სტანდარტული ნომერი |
| International Standard Book Number |
9789941133657 |
| 040 ## - კატალოგიზაციის წყარო |
| Transcribing agency |
GE_BSU |
| 041 ## - ენის კოდი |
| Language code of text/sound track or separate title |
geo |
| 080 ## - უნივერსალური ათობითი კლასიფიკაციის ინდექსი |
| Universal Decimal Classification number |
910.2(075.8) ნ-63 |
| 100 ## - მთავარი ჩანაწერი - პიროვნების სახელი |
| Personal name |
ნიკოლაიშვილი, დ. |
| 9 (RLIN) |
10190 |
| 245 ## - ცნობა სათაურის შესახებ |
| Title |
გეოგრაფიის კვლევის მეთოდები = Geographical research methods : |
| Remainder of title |
სახელმძღვ. / |
| Statement of responsibility, etc |
დ. ნიკოლაიშვილი ; რედ. : ზურაბ სეფერთელაძე, ლია მაჭავარიანი. |
| 260 ## - გამოქვეყნების, გავრცელების, და სხვა. ცნობები |
| Place of publication, distribution, etc |
თბილისი |
| 260 ## - გამოქვეყნების, გავრცელების, და სხვა. ცნობები |
| Name of publisher, distributor, etc |
თბილ. უნ-ტის გამ-ბა |
| 260 ## - გამოქვეყნების, გავრცელების, და სხვა. ცნობები |
| Date of publication, distribution, etc |
2014 |
| 300 ## - ფიზიკური აღწერა |
| Extent |
520 გვ. : |
| Other physical details |
ნახ., ცხრ. ; |
| Dimensions |
25 სმ. |
| 501 ## - შენიშვნა თანმხლებ მასალაზე |
| With note |
დანართი გვ. 457-479 ; მცირე ლექსიკონი გვ.480-517 |
| 653 ## - INDEX TERM--UNCONTROLLED |
| Uncontrolled term |
გეოგრაფია |
| 653 ## - INDEX TERM--UNCONTROLLED |
| Uncontrolled term |
გეოგრაფიის კვლევის მეთოდები |
| 700 ## - ADDED ENTRY--PERSONAL NAME |
| Personal name |
სეფერთელაძე, ზურაბ |
| Relator term |
რედაქტორი |
| 9 (RLIN) |
10191 |
| 700 ## - ADDED ENTRY--PERSONAL NAME |
| Personal name |
მაჭავარიანი, ლია |
| Relator term |
რედაქტორი |
| 9 (RLIN) |
6752 |
| 710 ## - ADDED ENTRY--CORPORATE NAME |
| Corporate name or jurisdiction name as entry element |
ივანე ჯავახიშვილის სახელობის თბილისის სახელმწიფო უნივერსიტეტი |
| 9 (RLIN) |
10192 |
| 942 ## - ADDED ENTRY ELEMENTS (KOHA) |
| Koha item type |
წიგნი |
| Source of classification or shelving scheme |
|